Language Quiz

Random Language or Spanish Quiz
Score 0/40 Timer 07:00
0 Plays Today
Inglés Español % Correct
to goir
78.6%
to eatcomer
71.4%
to readleer
64.3%
to singcantar
64.3%
to studyestudiar
64.3%
to swimnadar
64.3%
to runcorrer
64.3%
to talkhablar
57.1%
to playjugar
57.1%
to skiesquiar
50%
to sleepdormir
42.9%
to go to schoolir a la escuela
42.9%
to writeescribir
42.9%
the videogameslos videojuegos
42.9%
to dancebailar
42.9%
to huntcazar
42.9%
to campacampar
42.9%
to visitvisitar
35.7%
to worktrabajar
35.7%
to practice sportspracticar deportes
35.7%
Inglés Español % Correct
to drawdibujar
28.6%
to read booksleer libros
28.6%
to skatepatinar
28.6%
to go to the movie theatreir al cine
28.6%
to go to the parkir al parque
28.6%
to fishpescar
28.6%
to spend time with friendspasar tiempo con amigos
21.4%
to spend time with familypasar tiempo con familia
21.4%
to use the computerusar la computadora
21.4%
the concertel concierto
21.4%
the pianoel piano
21.4%
the guitarla guitarra
21.4%
to watch t.v.ver la tele
14.3%
to ride bikemontar en bici
14.3%
to texthacer text
7.1%
to talk on the phonehablar por teléfono
7.1%
to skateboardandar en patineta
7.1%
to listen to musicescuchar música
0%
to watch moviesver la películas
0%
to get drinks / to drink refreshmentstomar refrescos
0%
Remove Ads.
Support Sporcle.
Get the best of Sporcle when you Go Orange. This ad-free experience offers more features, more stats, and more fun while also helping to support Sporcle. Thank you for becoming a member.

You're not logged in!

Compare scores with friends on all Sporcle quizzes.
OR
Log In

Show Comments

Extras

Top Quizzes Today


Score Distribution

Your Account Isn't Verified!

In order to create a playlist on Sporcle, you need to verify the email address you used during registration. Go to your Sporcle Settings to finish the process.

Report this User

Report this user for behavior that violates our Community Guidelines.

Details: